| 000 | 00778cam a2200241 a 4500 | ||
|---|---|---|---|
| 001 | 1597 | ||
| 005 | 20240108093424.0 | ||
| 020 | _a9780590930031 | ||
| 040 |
_aDLC _cDLC _dDLC _beng |
||
| 050 | 0 | 0 |
_aPZ7.S52865 _bNo 1998 |
| 082 | 0 | 0 |
_a813 _221 |
| 100 | 1 |
_aShannon, David, _d1959- |
|
| 245 | 1 | 0 |
_aNo, David! / _cby David Shannon. |
| 260 |
_aNew York : _bScholastic, _c1998 |
||
| 300 |
_a30 unnumbered pages : _bColor illustrations ; _c29 cm |
||
| 505 | _aC | ||
| 520 | _aA young boy is depicted doing a variety of naughty things for which he is repeatedly admonished, but finally he gets a hug. | ||
| 521 |
_a100
_bLexile AD |
||
| 521 |
_aC
_bRaz-Plus |
||
| 650 | 1 |
_aBehavior _xFiction. |
|
| 906 |
_a7 _bcbc _corignew _d1 _eocip _f19 _gy-gencatlg |
||
| 942 |
_2ddc _cBK _n0 |
||
| 999 |
_c1597 _d1597 |
||